| 000 | 00821nam a2200241 i 4500 | ||
|---|---|---|---|
| 001 | 182047 | ||
| 003 | ES-MaACL | ||
| 005 | 20250704062535.0 | ||
| 008 | 130527q18501899fr a | |||||||| ||fre d | ||
| 100 | 1 |
_aDumas, Alexandre, _d1802-1870 _eaut _9241135 |
|
| 245 | 1 | 1 |
_a[Cécile / _cpar Alexandre Dumas]. |
| 260 |
_a[S.l. : _bs.n., _cs.a.] ( _eParis : _fImpr. J. Voisvenel) |
||
| 300 |
_aP. [269]-322 : _bil. ; _c30 cm. |
||
| 490 | 1 | _aOeuvres complètes d'Alexandre Dumas | |
| 594 | _aTit. y autor tomados de pag.1. | ||
| 596 | _aImpreso en el siglo XIX. | ||
| 597 | _aTexto a dos col. | ||
| 599 | _aLa il. en pag.1. | ||
| 830 | 0 |
_aOeuvres complètes d'Alexandre Dumas _9191733 |
|
| 852 |
_aES-MaACL _jR-1714(8) _q.- Ejempl. sin portada en un volumen facticio |
||
| 942 | _2udc | ||
| 999 |
_c182047 _d182047 |
||